| 000 | 01141cam a22003497a 4500 | ||
|---|---|---|---|
| 003 | CHAP | ||
| 005 | 20220329135637.0 | ||
| 008 | 971013s1978 r 00010 d | ||
| 010 | _a39832 | ||
| 011 | _a40804 | ||
| 035 | _a44930 | ||
| 040 | _cCHAP | ||
| 082 |
_a561.13 _bM6 |
||
| 100 | 0 | 0 |
_aMoore, Peter Dale. _978087 |
| 245 | 1 | 3 | _aAn illustrated guide to pollen analysis |
| 260 |
_aLondon : _bHodder and Stoughton, _c1978 |
||
| 300 |
_a133 p. _b; láms. : ilus. ; gráfs |
||
| 490 | 0 | _aBiological science texts | |
| 590 |
_aBATCH-UPD _b10 _c20130110 _lUCH01 _h2057 |
||
| 590 |
_aBATCH-UPD _b10 _c20130410 _lUCH01 _h1410 |
||
| 590 |
_aBATCH-UPD _b10 _c20130914 _lUCH01 _h1856 |
||
| 590 |
_aCONVERSION _b10 _c20130109 _lUCH01 _h1322 |
||
| 650 | 1 | 4 |
_aPaleobotánica. _984896 |
| 650 | 1 | 4 |
_aPolen fósil. _990212 |
| 650 | 1 | 4 |
_aPolen _xAnálisis. _990209 |
| 700 | 0 |
_aWebb, J. A. _9121269 |
|
| 830 | 0 |
_aBiological science texts _912761 |
|
| 901 | _aBK | ||
| 942 | _cLIBRO | ||
| 949 |
_a561.13 M6 _bBC _cLIBRO _d33724000477659 _eLIBRO _fc.2 _h52376 _i44930 _si _t403.00 |
||
| 949 |
_a561.13 M6 _bBC _cLIBRO _d33724000477667 _eLIBRO _h52375 _i44930 _si _t403.00 |
||
| 999 |
_c39832 _d39832 |
||